Τα κείμενα
Αποθηκεύτηκε σε:
| Κύριος συγγραφέας: | |
|---|---|
| Άλλοι συγγραφείς: | |
| Μορφή: | Βιβλίο |
| Γλώσσα: | Greek |
| Δημοσίευση: |
[Αθήνα] :
Οδυσσέας ,
1989
|
| Θέματα: | |
| Ετικέτες: |
Προσθήκη ετικέτας
Δεν υπάρχουν, Καταχωρήστε ετικέτα πρώτοι!
|
MARC
| LEADER | 00000nam a2200000 i 4500 | ||
|---|---|---|---|
| 001 | 1/77542 | ||
| 008 | 960807s1989 gre d | ||
| 020 | |a 960-210-048-6 | ||
| 035 | |a 1993 |b 1 |c Καμπουροπούλου |l 10032688 | ||
| 040 | |a GR-MY-UA |b gre |e aacr | ||
| 041 | 0 | |a gre | |
| 082 | 0 | |a 759.9493 | |
| 100 | 1 | |a Magritte, René, |d 1898-1967. | |
| 245 | 1 | 3 | |a Τα κείμενα / |c Rene Magritte ; επιλογή, μετάφραση Μαρία Μπαλάσκα |
| 260 | |a [Αθήνα] : |b Οδυσσέας , |c 1989 | ||
| 300 | |a 236 σ. | ||
| 600 | 1 | 0 | |a Magritte, René, |d 1898-1967. |
| 650 | 0 | 0 | |a Painters |z Belgium. |
| 700 | 1 | |a Μπαλάσκα, Μαρία. |4 trl | |
| 852 | |a INST |b RHODES |e 19960807 |h 759.9493 MAG |p 005400009748 |q 005400009748 |t BK |y 0 | ||
| 909 | |a Ρ |b 025966 |c 1993 | ||
| 970 | |z 2000/07/ΚΑΤΕΡΙΝΑ | ||